000
00249nam a2200109Ia 4500
008
190216s9999||||xx |||||||||||||| ||und||
100
_a
Induchoodan M
245
0
_a
Thavala Angolpathi
260
_b
Bhasha Institute
650
_a
Zoology
942
_c
BK
999
_c
38429
_d
38429